Welcome to the Holygrace Academy Library

Please use search bar below to get started

THE FIRE (Record no. 3610)

MARC details
000 -LEADER
fixed length control field 00614nam a22001457a 4500
020 ## - INTERNATIONAL STANDARD BOOK NUMBER
ISBN 978-0-00731033-3
082 ## - DEWEY DECIMAL CLASSIFICATION NUMBER
Classification number 823
Item number NEV/F
100 ## - MAIN ENTRY--AUTHOR NAME
Personal name NEVILLE, KATHERINE
245 ## - TITLE STATEMENT
Title THE FIRE
260 ## - PUBLICATION, DISTRIBUTION, ETC. (IMPRINT)
Place of publication LONDON
Name of publisher HARPER COLLINS
Year of publication 2008
300 ## - PHYSICAL DESCRIPTION
Number of Pages 535
520 ## - SUMMARY, ETC.
Summary, etc The Fire is launched thirty years after the events of The Eight, when a chess piece from the Montglane Service mysteriously resurfaces in Russia. The children of the previous characters know nothing of the quest of their parents, but are drawn into it nonetheless — and “The Game” is afoot again.
650 ## - SUBJECT ADDED ENTRY--TOPICAL TERM
Topical Term NOVEL
Geographic subdivision UNITED KINGDOM
942 ## - ADDED ENTRY ELEMENTS (KOHA)
Koha item type Books
Holdings
Withdrawn status Lost status Collection code Home library Current library Shelving location Date acquired Source of acquisition Full call number Accession Number Koha item type
    Fiction Main Library Main Library SHELF-14-I- ALPHABETICAL N,O --ENGLISH NOVELS & FICTIONS 12/06/2010 purchase 823 NEV/F 05355 Books